| 000 | 00838nam a22002537a 4500 | ||
|---|---|---|---|
| 001 | 200461407 | ||
| 003 | TR-AnTOB | ||
| 005 | 20241119093858.0 | ||
| 008 | 240701b tu ||||| |||| 00| 0 tur d | ||
| 020 | _a9786052185001 | ||
| 040 |
_aTR-AnTOB _beng _erda _cTR-AnTOB |
||
| 041 | _atur | ||
| 092 |
_a932.20 _bMEZ 2018 |
||
| 245 |
_aMezarlar, lahitler ve piramitler / _ceditör: Cihan Bahadır Gürelik ; metin: Güneş Berber ; çeviri: Fatih Okta ; illüstrasyon ve çizimler: Roberto Lauciello |
||
| 336 |
_atext _btxt _2rdacontent |
||
| 337 |
_aunmediated _bn _2rdamedia |
||
| 338 |
_avolume _bnc _2rdacarrier |
||
| 700 | 1 |
_aLauciello, Roberto _9146001 |
|
| 700 | 1 |
_aBahadır Gürelik, Cihan _9146000 |
|
| 700 |
_aOkta, Fatih _etranslator. _9117625 |
||
| 942 |
_2ddc _cBK |
||
| 999 |
_c200461407 _d79619 |
||